| Поле | Инд. | ПП | Название | Значение |
|---|---|---|---|---|
| Тип записи | a | |||
| Библиографический уровень | b | |||
| 001 | Контрольный номер | RU/IS/BASE/358354329 | ||
| 005 | Дата корректировки | 20200630193238.6 | ||
| 008 | Кодируемые данные | 20110510 | ||
| 040 | b | Код языка каталог. | rus | |
| e | Правила каталог. | PSBO | ||
| 041 | 0_ | a | Код языка текста | rus |
| 084 | a | Индекс другой классификации/Индекс ББК | 71.05; 81.411.2-3; 81.002 | |
| 100 | 1_ | a | Автор | Макарова О. В. |
| q | Полное имя | Макарова Ольга Васильевна | ||
| 245 | 10 | a | Заглавие | К вопросу о реализации значения единиц архитектурно-домоустроительного кода русской культуры |
| 504 | a | Библиография | Библиогр.: с. 93 - 94 | |
| 520 | 0_ | a | Аннотация | В статье рассматривается архитектурно-домоустроительный код русской культуры, который представлен как особая система знаков материального и духовного мира, являющихся носителями культурных смыслов. Показано, что практически любой элемент архитектуры Дома (порог, стена, окно, печь и др.) несет разнообразные культурные значения, со многими из них связаны сохранившиеся до сегодняшнего дня ритуалы |
| 650 | 14 | a | Основная рубрика | культурология |
| a | Основная рубрика | лексикология | ||
| a | Основная рубрика | русский язык | ||
| a | Основная рубрика | семиотика | ||
| a | Основная рубрика | филологические науки | ||
| a | Основная рубрика | частное языкознание | ||
| a | Основная рубрика | языкознание | ||
| 653 | 1_ | a | Ключевые слова | архитектурные коды |
| a | Ключевые слова | архитектурные элементы | ||
| a | Ключевые слова | домоустроительные коды | ||
| a | Ключевые слова | крыши | ||
| a | Ключевые слова | лингвокультурология | ||
| a | Ключевые слова | русская культура | ||
| a | Ключевые слова | стены | ||
| a | Ключевые слова | фразеологизмы | ||
| a | Ключевые слова | фразеология | ||
| a | Ключевые слова | языковая картина мира | ||
| 773 | 08 | t | Заглавие источника | Вестник Московского университета. Серия 9, Филология |
| d | Дата издания источника | 2010 | ||
| g | Прочая информация | № 5. - С. 87 - 94 | ||
| w | Контрольный № источника | RU/IS/BASE/354127374 | ||
| 901 | t | Тип документа | b |